Vplyv teploty austenitizácie na veľkosť zrna ocele Weldox 700 : Diplomová práca
Enregistré dans:
| Auteur principal: | |
|---|---|
| Autres auteurs: | |
| Format: | Manuscrit Livre |
| Langue: | slovaque |
| Publié: |
Trnava :
STU v Bratislave MtF KMI,
2003
|
| Sujets: | |
| Tags: |
Pas de tags, Soyez le premier à ajouter un tag!
|
MARC
| LEADER | 00000ntm a22000003a 4500 | ||
|---|---|---|---|
| 001 | stu84402 | ||
| 005 | 20150617225636.3 | ||
| 008 | 040227s2003----xo------------------slo-d | ||
| 040 | |a STU |b slo | ||
| 041 | 0 | |a slo | |
| 044 | |a xo | ||
| 100 | 1 | |a Kubaliaková, Zuzana, |d 1980- |4 aut |u M220 |U MTF Ústav inžinierskej pedagogiky a humatitných vied |T MTF Katedra inžinierskej pedagogiky a psychológie |X 42587 |U M220 |Y M220 |7 A000042587 | |
| 245 | 1 | |a Vplyv teploty austenitizácie na veľkosť zrna ocele Weldox 700 : |b Diplomová práca | |
| 260 | |a Trnava : |b STU v Bratislave MtF KMI, |c 2003 | ||
| 300 | |a 55 s | ||
| 650 | 7 | |a materiálové inžinierstvo |2 stusub | |
| 650 | 7 | |a kovy a kovové materiály |2 stusub | |
| 650 | 7 | |a kovové a nekovové materiály |2 stusub | |
| 700 | 1 | |a Hudáková, Mária, |d 1962- |4 xxx |u M1000 |U MTF Materiálovotechnologická fakulta |T MTF Ústav materiálov |X 2754 |U M1000 |Y 81 |7 A000002754 | |
| 996 | |b 284M037621 |c M*DP-4621 |l MMSKP |s P |a 0 |w stu84402_0001 | ||